University Home | Library Home | Institutional Repository

Analysis of the 2023 national budget : (Record no. 216491)

MARC details
000 -LEADER
fixed length control field 00748nam a22001697a 4500
005 - DATE AND TIME OF LATEST TRANSACTION
control field 20260326140238.0
008 - FIXED-LENGTH DATA ELEMENTS--GENERAL INFORMATION
fixed length control field 260326b ||||| |||| 00| 0 eng d
040 ## - CATALOGING SOURCE
Original cataloging agency LC
Transcribing agency UNZA
Modifying agency UNZA
Description conventions RDA
099 ## - LOCAL FREE-TEXT CALL NUMBER (OCLC)
Classification number GOV.ZAM (02) 2023
110 ## - MAIN ENTRY--CORPORATE NAME
Corporate name or jurisdiction name as entry element Zambia Institute for Policy Analysis & Research
245 ## - TITLE STATEMENT
Title Analysis of the 2023 national budget :
Remainder of title reinforcing the foundation for inclusive growth and development /
Statement of responsibility, etc. Zambia Institute for Policy Analysis & Research
260 ## - PUBLICATION, DISTRIBUTION, ETC.
Place of publication, distribution, etc. Lusaka :
Name of publisher, distributor, etc. Zambia Institute for Policy Analysis & Research
Date of publication, distribution, etc. 2022.
300 ## - PHYSICAL DESCRIPTION
Extent 31 pages :
Other physical details illustrations.
650 ## - SUBJECT ADDED ENTRY--TOPICAL TERM
Topical term or geographic name entry element Budget
General subdivision National budget
Geographic subdivision Zambia.
856 ## - ELECTRONIC LOCATION AND ACCESS
Uniform Resource Identifier https://zipar.org.zm/wp-content/uploads/2025/09/Analysis-of-the-2023-National-Budget.pdf
999 ## -
-- 216491
-- 216491
942 ## - ADDED ENTRY ELEMENTS (KOHA)
Koha item type Government Publications
Holdings
Withdrawn status Lost status Source of classification or shelving scheme Damaged status Not for loan Home library Current library Shelving location Date acquired Total Checkouts Full call number Barcode Date last seen Copy number Uniform Resource Identifier Price effective from Koha item type
    Library of Congress Classification     Main Library Main Library Special collections 03/26/2026   GOV.ZAM(02) 2022 33729006799865 03/26/2026 C.1 https://zipar.org.zm/wp-content/uploads/2025/09/Analysis-of-the-2023-National-Budget.pdf 03/26/2026 Government Publications
    Library of Congress Classification     Main Library Main Library Special collections 03/26/2026   GOV.ZAM(02) 2022 33729006799923 03/26/2026 C.2 https://zipar.org.zm/wp-content/uploads/2025/09/Analysis-of-the-2023-National-Budget.pdf 03/26/2026 Government Publications
    Library of Congress Classification     Main Library Main Library Special collections 03/26/2026   GOV.ZAM(02) 2022 33729006799808 03/26/2026 C.3 https://zipar.org.zm/wp-content/uploads/2025/09/Analysis-of-the-2023-National-Budget.pdf 03/26/2026 Government Publications
© 2026 - The University of Zambia Library - Koha v25.11